Host Countries of the World Rally Championship - Statistics

General Stats
  • This quiz has been taken 837 times
    91 since last reset
  • The average score is 28 of 39
Answer Stats
# of rallies Country % Correct
52 Finland
97%
31 Spain
97%
94 France
95%
20 Germany
93%
10 Japan
93%
48 Sweden
93%
52 Italy
91%
45 Portugal
89%
37 Argentina
88%
48 United Kingdom
88%
2 Norway
87%
25 Australia
84%
7 Poland
84%
17 Mexico
83%
5 United States
82%
2 Brazil
80%
1 China
80%
43 Greece
80%
4 Canada
76%
5 Chile
76%
5 Estonia
75%
48 Monaco
75%
4 Austria
71%
1 Saudi Arabia
71%
34 Kenya
70%
32 New Zealand
70%
2 Belgium
64%
9 Turkey
63%
1 Latvia
62%
4 Croatia
61%
2 Ireland
59%
3 Czechia
57%
3 Morocco
53%
1 Bulgaria
49%
2 Indonesia
49%
1 Paraguay
39%
3 Jordan
37%
8 Cyprus
34%
15 Ivory Coast
20%
No matching quizzes found
Score Distribution
Percent of People with Each Score
Percentile by Number Answered
Your Score History
You have not taken this quiz since the last reset